01474nam a2200373 a 4500001001200000003000800012006001900020007001500039008004100054010001700095015001900112016001800131020004000149020004300189020003500232020003800267040002100305035002100326043001200347050002800359082001800387100002900405245012500434260006100559300001700620504006400637533015200701650002900853650002700882655002900909710001700938856012600955999001901081ebr10202541CaPaEBRm u cr cn|||||||||060817s2007 nju sb s001 0 eng  z 2006027316 aGBA7309252bnb7 z0137308922Uk z0813540550 (hardcover : alk. paper) z9780813540559 (hardcover : alk. paper) z0813540569 (pbk. : alk. paper) z9780813540566 (pbk. : alk. paper) aCaPaEBRcCaPaEBR a(OCoLC)667101171 an-us---14aBL1168.U532bK87 2007eb04a294.509732221 aKurien, Prema A.,d1963-12aA place at the multicultural tableh[electronic resource] :bthe development of an American Hinduism /cPrema A. Kurien. aNew Brunswick, N.J. :bRutgers University Press,cc2007. axiii, 299 p. aIncludes bibliographical references (p. 263-284) and index. aElectronic reproduction.bPalo Alto, Calif. :cebrary,d2013.nAvailable via World Wide Web.nAccess may be limited to ebrary affiliated libraries. 0aHinduismzUnited States. 0aHinduszUnited States. 7aElectronic books.2local2 aebrary, Inc.40uhttp://site.ebrary.com/lib/rucke/Doc?id=10202541zAn electronic book accessible through the World Wide Web; click to view c119026d119026